The Rightmove house price index (Record no. 105508)
[ view plain ]
| 000 -LEADER | |
|---|---|
| fixed length control field | 01549cam a2200229 4500 |
| 001 - CONTROL NUMBER | |
| control field | ##L133913 |
| 008 - FIXED-LENGTH DATA ELEMENTS--GENERAL INFORMATION | |
| fixed length control field | 060619n2006 000 0 eng u |
| 035 ## - SYSTEM CONTROL NUMBER | |
| System control number | (Sirsi) u133913 |
| 041 0# - LANGUAGE CODE | |
| Language code of text/sound track or separate title | eng |
| 050 04 - LIBRARY OF CONGRESS CALL NUMBER | |
| Classification number | 333.33 $2 18 |
| 110 2# - MAIN ENTRY--CORPORATE NAME | |
| Corporate name or jurisdiction name as entry element | Rightmove |
| 245 04 - TITLE STATEMENT | |
| Title | The Rightmove house price index |
| Remainder of title | June edition |
| 260 ## - PUBLICATION, DISTRIBUTION, ETC. | |
| Place of publication, distribution, etc. | London |
| Name of publisher, distributor, etc. | Rightmove |
| Date of publication, distribution, etc. | 2006 |
| 490 #0 - SERIES STATEMENT | |
| Series statement | Rightmove House Price Index |
| Volume/sequential designation | 19 June 2006 |
| 520 ## - SUMMARY, ETC. | |
| Summary, etc. | The June edition shows trends in asking prices up to 19 June 2006. Average national asking prices rose by 0.8% (£1 613) in the last month with the average property asking price now standing at £211 442. The annual rate has increased from 5.9% to 6.4% in line with the Rightmove revised 2006 forecast announced last month. The average annual rise in southern England now stands at 9.4% in contrast to 2.7% in the northern regions. The four year trend of the northern regions catching up with southern England has come to an end as the gap widens. Property is now 55% more expensive in the southern regions than in the northern regions, up from a low of 46% in September 2005. A rise in interest rates could hit activity hardest in the regions further away from London. |
| 590 ## - LOCAL NOTE (RLIN) | |
| Local note | IKA200606 |
| 650 24 - SUBJECT ADDED ENTRY--TOPICAL TERM | |
| Topical term or geographic name entry element | RIGHTMOVE HOUSE PRICE INDEX |
| 651 #4 - SUBJECT ADDED ENTRY--GEOGRAPHIC NAME | |
| Geographic name | England and Wales |
| Chronological subdivision | 1543- |
| 690 ## - LOCAL SUBJECT ADDED ENTRY--TOPICAL TERM (OCLC, RLIN) | |
| Topical term or geographic name as entry element | PROPERTY-RESIDENTIAL PROPERTY-RESIDENTIAL PROPERTY MARKET |
| 856 40 - ELECTRONIC LOCATION AND ACCESS | |
| Uniform Resource Identifier | <a href="https://www.rightmove.co.uk/template/publicsite%2Caboutus%2CRTPRArchive.vm">https://www.rightmove.co.uk/template/publicsite%2Caboutus%2CRTPRArchive.vm</a> |
| Public note | View the house price index free of charge at www.rightmove.co.uk... |
| 942 ## - ADDED ENTRY ELEMENTS (KOHA) | |
| Suppress in OPAC | 0 |
| Withdrawn status | Lost status | Source of classification or shelving scheme | Damaged status | Not for loan | Home library | Current library | Shelving location | Date acquired | Total Checkouts | Full call number | Barcode | Date last seen | Copy number | Price effective from | Koha item type |
|---|---|---|---|---|---|---|---|---|---|---|---|---|---|---|---|
| Dewey Decimal Classification | Virtual | Virtual | Online | 19/06/2006 | ONLINE PUBLICATION | 133913-2001 | 06/08/2019 | 1 | 06/08/2019 | Book |